Možnosti štatistiky pri analýze ukazovateľov pandémie Covid-19 diplomová práca

Na minha lista:
Detalhes bibliográficos
Autor principal: Bučko, Radovan
Autor Corporativo: Fakulta hospodárskej informatiky EU. Katedra štatistiky
Outros Autores: Kotlebová, Eva
Formato: Livro
Idioma:eslovaco
Publicado em: Bratislava 2022
Tags: Adicionar Tag
Sem tags, seja o primeiro a adicionar uma tag!

MARC

LEADER 00000nbm a2200000 4500
001 0285988
005 20230509105323.4
041 0 |a slo 
044 |a SK 
245 1 0 |a Možnosti štatistiky pri analýze ukazovateľov pandémie Covid-19  |b diplomová práca  |c Radovan Bučko ; školiteľ: Eva Kotlebová 
264 1 |a Bratislava  |c 2022 
300 |a 71 s. 
100 1 |a Bučko, Radovan 
700 1 |a Kotlebová, Eva 
710 2 |a Fakulta hospodárskej informatiky EU. Katedra štatistiky